| 000 | 00628nam a22002297a 4500 | ||
|---|---|---|---|
| 003 | OSt | ||
| 005 | 20160208184506.0 | ||
| 008 | 150202b1984 slv spa | ||
| 020 | _a84-02-10020-1 | ||
| 040 | _cBMC | ||
| 082 | _a839.81 | ||
| 100 | 1 |
_aDinesen, Isak _d1885-1962 _931033 |
|
| 245 | 1 | 0 |
_aEhrengard _cIsak Dinesen ; [traducción, Javier Marías] |
| 250 | _a1ª ed | ||
| 260 |
_aBarcelona _bBruguera _c1984 |
||
| 300 |
_a117 p. _c18 cm |
||
| 490 |
_aLibro amigo _v1512 / 1036 |
||
| 595 | _aTraducción de: Out of Africa | ||
| 650 | 2 | 4 |
_931032 _aNovela danesa |
| 700 | 1 |
_aMarías, Javier _938246 |
|
| 942 |
_2ddc _cBK |
||
| 999 |
_c24664 _d24664 |
||